LEADER 01687nam 2200373Ia 450 001 996394046703316 005 20200824132412.0 035 $a(CKB)3810000000004794 035 $a(EEBO)2240870587 035 $a(OCoLC)ocm11414676e 035 $a(OCoLC)11414676 035 $a(EXLCZ)993810000000004794 100 $a19841121d1684 uy | 101 0 $aeng 135 $aurbn||||a|bb| 200 14$aThe compleat tradesman, or, The exact dealers daily companion$b[electronic resource]$einstructin[g] [h]im throughly in all things absolutely n[ecessar]y to be known by all those who would thrive in the world and in the whole art and mystery of trade and traffick : and will be of constant use for all merchants, whole-sale-men, shop-keepers retailers, young tradesmen, countrey-chapmen, industrious yeomen, traders in petty villages and all farmers and others that go to countrey fairs and markets, and for all men whatsoever that be of any trade or have any considerable dealings in the world /$fcomposed by N.H., merchant in the city of London 205 $aThe third edition with large additions. 210 $aLondon $cPrinted for John Dunton ...$d1684 215 $a[2], 180, [8] p 300 $aIncludes index. 300 $aReproduction of original in the Bodleian Library. 330 $aeebo-0014 606 $aBusiness$vEarly works to 1800 607 $aLondon (England)$xCommerce 615 0$aBusiness 700 $aN. H$01003774 801 0$bEAK 801 1$bEAK 801 2$bUMI 801 2$bWaOLN 906 $aBOOK 912 $a996394046703316 996 $aThe compleat tradesman, or, The exact dealers daily companion$92318760 997 $aUNISA LEADER 01201nam 2200373Ia 450 001 996387080703316 005 20221108105327.0 035 $a(CKB)1000000000628904 035 $a(EEBO)2248525765 035 $a(OCoLC)13109305 035 $a(EXLCZ)991000000000628904 100 $a19860205d1665 uy | 101 0 $aeng 135 $aurbn||||a|bb| 200 10$aSwallow$b[electronic resource] $ean almanack for the year of our Lord God, 1665 : being the first after bissextile or leap-year and from the worlds creation 5769 : calculated properly for the meridian of the universitie and town of Cambridge .. 210 $aCambridge $cPrinted by John Field ...$d1665 215 $a[40] p. $cill 300 $aReproduction of original in the Bodleian Library. 330 $aeebo-0014 606 $aAlmanacs, English 606 $aEphemerides 606 $aAstrology$vEarly works to 1800 615 0$aAlmanacs, English. 615 0$aEphemerides. 615 0$aAstrology 700 $aSwallow$b John$0498157 801 0$bEAG 801 1$bEAG 801 2$bUMI 801 2$bWaOLN 906 $aBOOK 912 $a996387080703316 996 $aSwallow$91772434 997 $aUNISA